000 00983nam a22002897a 4500
003 CHAP
005 20220329140516.0
008 971013s1981 r 00010 d
010 _a53066
011 _a54038
035 _a58188
040 _cCHAP
082 _a972.03
_bZ3 1981
100 0 0 _aZavala, Lorenzo de.
_9123817
245 _aEnsayo histórico de las revoluciones de México desde 1808 hasta 1830
260 _aMéxico, D. F. :
_bSecrataría de la Reforma Agraria,
_c1981
300 _a2 v.
590 _aBATCH-UPD
_b10
_c20130110
_lUCH01
_h1938
590 _aBATCH-UPD
_b10
_c20130410
_lUCH01
_h1302
590 _aBATCH-UPD
_b10
_c20130914
_lUCH01
_h1827
590 _aCONVERSION
_b10
_c20130109
_lUCH01
_h1329
650 1 4 _aMéxico
_xHistoria
_xRevolución.
_976768
901 _aBK
942 _cLIBRO
949 _a972.03 Z3 1981
_bBC
_cLIBRO
_d33724000040259
_eLIBRO
_fv.2
_h89837
_i58188
_si
949 _a972.03 Z3 1981
_bBC
_cLIBRO
_d33724000040432
_eLIBRO
_fv.1
_h89836
_i58188
_si
999 _c53066
_d53066